[Event "XLI Olimpiadi"]
[Site "Tromso NOR"]
[Date "2014.08.02"]
[Round "1.1"]
[White "David, Alberto"]
[Black "Warner, Delisle"]
[WhiteElo "2565"]
[BlackElo "2243"]
[Result "1-0"]
[Annotator "ITA-BAR"]
[PlyCount "59"]
[EventDate "2014.08.02"]

1. e4 e6 2. d4 d5 3. Nd2 c5 4. Ngf3 cxd4 5. Nxd4 Nf6 6. exd5 Qxd5 7. Nb5 Qd8 8.
Nc4 Qxd1+ 9. Kxd1 Nd5 10. Ne3 Na6 11. Nxd5 exd5 12. Be3 b6 13. Bf4 Bc5 14. Nd6+
Bxd6 15. Bxd6 Nc5 16. f3 a6 17. a4 Kd7 18. Be5 Ne6 19. Ra3 Kc6 20. Bd3 f6 21.
Bg3 Nc5 22. Re1 Ra7 23. Rc3 Kb7 24. a5 Na4 25. Rc7+ Ka8 26. Rxa7+ Kxa7 27. Re7+
Bb7 28. axb6+ Kxb6 29. Bf2+ Kc6 30. Bd4 1-0

[Event "XLI Olimpiadi"]
[Site "Tromso NOR"]
[Date "2014.08.02"]
[Round "1.2"]
[White "Husbands, Orlando"]
[Black "Vocaturo, Daniele"]
[WhiteElo "2118"]
[BlackElo "2587"]
[Result "0-1"]
[Annotator "ITA-BAR"]
[PlyCount "72"]
[EventDate "2014.08.02"]

1. e4 e5 2. Nf3 Nc6 3. d4 exd4 4. Bc4 d6 5. Nxd4 g6 6. Be3 Bg7 7. Nc3 Nf6 8. f3
O-O 9. Qd2 a6 10. Nxc6 bxc6 11. O-O-O Be6 12. Bb3 Nd7 13. Bh6 Nc5 14. h4 Qe7
15. Bxg7 Kxg7 16. h5 Kg8 17. hxg6 fxg6 18. Rh6 Rf7 19. Rdh1 a5 20. Qd4 Qg5+ 21.
Kb1 Nxb3 22. axb3 Qxg2 23. f4 Rg7 24. Rg1 Qf3 25. f5 Bf7 26. Qf6 Rf8 27. Qh4
Be8 28. Rh1 gxf5 29. Rxh7 Qxh1+ 30. Qxh1 Rxh7 31. Qg2+ Rg7 32. Qf3 f4 33. Ne2
Bd7 34. Nd4 Bg4 35. Qf1 f3 36. Nxf3 Bxf3 0-1

[Event "XLI Olimpiadi"]
[Site "Tromso NOR"]
[Date "2014.08.02"]
[Round "1.3"]
[White "Brunello, Sabino"]
[Black "Denny, Kevin William Henderson"]
[WhiteElo "2560"]
[BlackElo "2261"]
[Result "1-0"]
[Annotator "ITA-BAR"]
[PlyCount "63"]
[EventDate "2014.08.02"]

1. d4 Nf6 2. c4 g6 3. Nf3 Bg7 4. g3 O-O 5. Bg2 d6 6. Nc3 Nc6 7. O-O a6 8. h3
Bd7 9. Bg5 h6 10. Be3 Rb8 11. Qc1 Kh7 12. Rd1 Qc8 13. Kh2 e5 14. dxe5 Nxe5 15.
Nxe5 dxe5 16. Nd5 Nxd5 17. cxd5 f5 18. Qc2 Rf6 19. Rac1 c6 20. dxc6 Bxc6 21.
Bxc6 Rxc6 22. Qd2 Qc7 23. Rxc6 bxc6 24. b3 Rf8 25. Bc5 Rf7 26. Qd3 a5 27. Kg2
Qb7 28. Qd8 Qb5 29. Qe8 Rf6 30. Rd8 g5 31. Qg8+ Kg6 32. Rd7 1-0

[Event "XLI Olimpiadi"]
[Site "Tromso NOR"]
[Date "2014.08.02"]
[Round "1.4"]
[White "Del Castilho, Martyn"]
[Black "Dvirnyy, Danyyil"]
[WhiteElo "2221"]
[BlackElo "2530"]
[Result "0-1"]
[Annotator "ITA-BAR"]
[PlyCount "68"]
[EventDate "2014.08.02"]

1. e4 d6 2. d4 Nf6 3. Nc3 e5 4. dxe5 dxe5 5. Qxd8+ Kxd8 6. Bc4 Be6 7. Bxe6 fxe6
8. Nf3 Bd6 9. Bg5 Ke7 10. O-O-O a6 11. Bh4 Nc6 12. Nb1 h6 13. Nbd2 g5 14. Bg3
Nh5 15. Nc4 Nf4 16. Rd2 b5 17. Ne3 Rhg8 18. h3 Raf8 19. c3 Nxg2 20. Nxe5 Bxe5
21. Nxg2 Bxg3 22. fxg3 Rf3 23. g4 Ne5 24. Kc2 Rd8 25. Re2 a5 26. Ne1 Rg3 27.
Rhh2 Nc4 28. Ng2 b4 29. cxb4 axb4 30. Kc1 c5 31. b3 Ne5 32. Ne1 Rd4 33. Rc2 Rg1
34. Rhe2 Nd3+ 0-1

[Event "XLI Olimpiadi"]
[Site "Tromso NOR"]
[Date "2014.08.03"]
[Round "2.1"]
[White "Solomon, Kenny"]
[Black "Caruana, Fabiano"]
[WhiteElo "2378"]
[BlackElo "2801"]
[Result "0-1"]
[Annotator "ITA-RSA"]
[PlyCount "68"]
[EventDate "2014.08.02"]

1. d4 d6 2. Nf3 g6 3. c4 Bg7 4. Nc3 e5 5. dxe5 dxe5 6. Qxd8+ Kxd8 7. Bd2 Be6 8.
O-O-O Nd7 9. Ng5 Bxc4 10. b3 Be6 11. g3 Ngf6 12. Bg2 c6 13. Nxe6+ fxe6 14. Ne4
Nd5 15. h4 h6 16. Nd6 Kc7 17. Nc4 b5 18. Ba5+ Kb7 19. Nd6+ Ka6 20. Bd2 Bf8 21.
Ne4 Kb6 22. Bh3 Ba3+ 23. Kb1 Rae8 24. Rhg1 a5 25. f4 Bb4 26. Bc1 Nc5 27. Nd6
Rd8 28. Nf7 Nc3+ 29. Kc2 Rxd1 30. Rxd1 Rf8 31. Rd8 Rxf7 32. a3 Nxe2 33. axb4
axb4 34. Be3 exf4 0-1

[Event "XLI Olimpiadi"]
[Site "Tromso NOR"]
[Date "2014.08.03"]
[Round "2.2"]
[White "Vocaturo, Daniele"]
[Black "Steel, Henry Robert"]
[WhiteElo "2587"]
[BlackElo "2399"]
[Result "1-0"]
[Annotator "ITA-RSA"]
[PlyCount "49"]
[EventDate "2014.08.02"]

1. d4 Nf6 2. c4 g6 3. Nc3 Bg7 4. e4 O-O 5. Nf3 d6 6. Be2 e5 7. O-O Na6 8. Be3
Ng4 9. Bg5 Qe8 10. h3 h6 11. Bh4 Nf6 12. Bxf6 Bxf6 13. c5 Bg7 14. Bxa6 bxa6 15.
Nd5 Qd8 16. dxe5 dxe5 17. Qa4 Rb8 18. b3 c6 19. Qxc6 Bb7 20. Qa4 Bxd5 21. Rfd1
Bxb3 22. axb3 Qc7 23. Rac1 Rfc8 24. Rd7 Qc6 25. Rd8+ 1-0

[Event "XLI Olimpiadi"]
[Site "Tromso NOR"]
[Date "2014.08.03"]
[Round "2.3"]
[White "Kobese, Watu"]
[Black "Brunello, Sabino"]
[WhiteElo "2333"]
[BlackElo "2560"]
[Result "0-1"]
[Annotator "ITA-RSA"]
[PlyCount "60"]
[EventDate "2014.08.02"]

1. e4 c6 2. d4 d5 3. exd5 cxd5 4. c4 Nf6 5. Nc3 e6 6. Nf3 Bb4 7. Bd3 dxc4 8.
Bxc4 O-O 9. O-O b6 10. Bg5 Bb7 11. Rc1 Nbd7 12. a3 Be7 13. Re1 a6 14. Ba2 b5
15. Bb1 Nb6 16. Qd3 g6 17. Bh6 Re8 18. Ne5 Nh5 19. Ne4 Ng7 20. Ba2 Bd5 21. Nc6
Bxc6 22. Rxc6 Nf5 23. Bf4 Nd5 24. Be5 Qd7 25. Rec1 Rec8 26. Qc2 Nb6 27. Qc5
Rxc6 28. Qxc6 Rc8 29. Bc7 Qxc6 30. Rxc6 Na8 0-1

[Event "XLI Olimpiadi"]
[Site "Tromso NOR"]
[Date "2014.08.03"]
[Round "2.4"]
[White "Dvirnyy, Danyyil"]
[Black "Van Den Heever, Donovan"]
[WhiteElo "2530"]
[BlackElo "2289"]
[Result "1-0"]
[Annotator "ITA-RSA"]
[PlyCount "75"]
[EventDate "2014.08.02"]

1. c4 e5 2. g3 Nf6 3. Bg2 c6 4. Nc3 d5 5. d4 exd4 6. Qxd4 Be6 7. cxd5 cxd5 8.
Nf3 Nc6 9. Qa4 Bc5 10. O-O O-O 11. Bg5 h6 12. Bxf6 Qxf6 13. Rad1 Rfd8 14. Qb5
Qe7 15. Na4 Bd6 16. Nd4 Nxd4 17. Rxd4 a6 18. Qb6 Be5 19. Rd3 Rac8 20. Rfd1 Rc2
21. Re3 Rc6 22. Qa5 Bc7 23. Qd2 b5 24. Nc3 d4 25. Rd3 Rc4 26. Ne4 Bf5 27. b3
Rc3 28. Nxc3 Bxd3 29. Nd5 Rxd5 30. Bxd5 Bg6 31. Rc1 Be5 32. Rc6 Kh7 33. Bf3 a5
34. Qxa5 b4 35. Qc5 Qe8 36. h4 d3 37. exd3 Bc3 38. Qe3 1-0

[Event "XLI Olimpiadi"]
[Site "Tromso NOR"]
[Date "2014.08.04"]
[Round "3.1"]
[White "Caruana, Fabiano"]
[Black "Negi, Parimarjan"]
[WhiteElo "2801"]
[BlackElo "2645"]
[Result "1-0"]
[Annotator "ITA-IND"]
[PlyCount "113"]
[EventDate "2014.08.02"]

1. e4 e5 2. Nf3 Nc6 3. Bb5 Nf6 4. O-O Nxe4 5. d4 Nd6 6. Bxc6 dxc6 7. dxe5 Nf5
8. Qxd8+ Kxd8 9. h3 Bd7 10. Rd1 Be7 11. g4 Nh4 12. Nxh4 Bxh4 13. Nd2 Kc8 14.
Nf3 Be7 15. Rd3 c5 16. Bg5 c4 17. Rd4 Bc6 18. Bxe7 Bxf3 19. Kh2 Re8 20. Bh4 c6
21. Re1 Bd5 22. f4 a5 23. c3 b5 24. Rd2 b4 25. Bf2 bxc3 26. bxc3 Rb8 27. f5 a4
28. Bc5 Rb7 29. Kg3 Kd7 30. Ba3 Rb5 31. Kf4 Rbb8 32. h4 Rb5 33. h5 h6 34. Rdd1
f6 35. e6+ Kc7 36. Rb1 Reb8 37. Rb4 Ra8 38. Reb1 Rab8 39. Ke3 Kb6 40. Rd1 Rxb4
41. Bxb4 Kc7 42. Re1 Kd8 43. Bf8 Rb7 44. e7+ Ke8 45. Re2 Rb1 46. Bxg7 Kxe7 47.
Kf2+ Kf7 48. Bxh6 a3 49. Bf4 Rd1 50. Bd6 Rd3 51. Re7+ Kg8 52. h6 Rh3 53. Rg7+
Kh8 54. Rg6 Rxc3 55. Be7 Kh7 56. Bxf6 Rc2+ 57. Kg3 1-0

[Event "XLI Olimpiadi"]
[Site "Tromso NOR"]
[Date "2014.08.04"]
[Round "3.2"]
[White "Sethuraman, S.P."]
[Black "David, Alberto"]
[WhiteElo "2590"]
[BlackElo "2565"]
[Result "1-0"]
[Annotator "ITA-IND"]
[PlyCount "67"]
[EventDate "2014.08.02"]

1. e4 c5 2. Nf3 e6 3. d4 cxd4 4. Nxd4 a6 5. Bd3 Nf6 6. O-O Qc7 7. Qe2 d6 8. c4
Nbd7 9. f4 b6 10. Nc3 Be7 11. Bd2 O-O 12. Kh1 Bb7 13. f5 e5 14. Nf3 Nc5 15. Bc2
Rac8 16. Rac1 Rfe8 17. b4 Ncd7 18. Bd3 Qb8 19. Rg1 Qa8 20. g4 b5 21. g5 Nxe4
22. Bxe4 Rxc4 23. Bxb7 Qxb7 24. Rce1 g6 25. h3 Bf8 26. fxg6 hxg6 27. Rg4 d5 28.
Qd3 Bxb4 29. Qxd5 Qc8 30. Rxc4 bxc4 31. Ne4 Be7 32. Kg2 Rd8 33. Bc3 Bf8 34.
Nxe5 1-0

[Event "XLI Olimpiadi"]
[Site "Tromso NOR"]
[Date "2014.08.04"]
[Round "3.3"]
[White "Vocaturo, Daniele"]
[Black "Sasikiran, Krishnan"]
[WhiteElo "2587"]
[BlackElo "2669"]
[Result "1/2-1/2"]
[Annotator "ITA-IND"]
[PlyCount "145"]
[EventDate "2014.08.02"]

1. d4 Nf6 2. c4 e6 3. Nc3 Bb4 4. Qc2 O-O 5. a3 Bxc3+ 6. Qxc3 d5 7. e3 b6 8.
cxd5 exd5 9. f3 Ba6 10. Bxa6 Nxa6 11. Qd3 Qc8 12. Ne2 c5 13. b3 Re8 14. O-O Nb8
15. Bd2 Nbd7 16. Rfc1 Qb7 17. Rc3 Rac8 18. Rac1 Rc6 19. Be1 Rec8 20. Bg3 h6 21.
Qc2 Re8 22. Bf2 Rec8 23. b4 c4 24. e4 dxe4 25. fxe4 b5 26. Ng3 Re8 27. Rf3 Nh7
28. Be3 Rf6 29. Rcf1 Ng5 30. Bxg5 Rxf3 31. Rxf3 hxg5 32. Qf2 f6 33. Re3 Qb6 34.
Ne2 a6 35. h4 gxh4 36. Qxh4 Ne5 37. Rh3 Nf7 38. Qh7+ Kf8 39. Qg6 Re5 40. Qg4
Re8 41. Rh7 Ng5 42. Rh8+ Ke7 43. Rxe8+ Kxe8 44. Kf2 Ne6 45. Ke3 Ke7 46. Qh5 Qd6
47. Qh4 Kf7 48. Qg3 Qb6 49. Qe1 Qb8 50. Kd2 Qh2 51. Qf2 Qh1 52. Qf3 Ng5 53. Qg4
Qb1 54. Qd7+ Kf8 55. Qd8+ Kf7 56. Qd7+ Kg6 57. Qe8+ Kh6 58. Qh8+ Nh7 59. Qe8
Qd3+ 60. Ke1 Qe3 61. e5 Ng5 62. Qh8+ Kg6 63. Qe8+ Kh6 64. Qh8+ Kg6 65. Qe8+ Kf5
66. Qc6 fxe5 67. dxe5 Qxe5 68. Qxa6 Ne4 69. Qc8+ Kg6 70. Qg4+ Kh7 71. Qh4+ Kg6
72. Qg4+ Kh7 73. Qh4+ 1/2-1/2

[Event "XLI Olimpiadi"]
[Site "Tromso NOR"]
[Date "2014.08.04"]
[Round "3.4"]
[White "Adhiban, Baskaran"]
[Black "Brunello, Sabino"]
[WhiteElo "2619"]
[BlackElo "2560"]
[Result "1/2-1/2"]
[Annotator "ITA-IND"]
[PlyCount "139"]
[EventDate "2014.08.02"]

1. d4 d5 2. c4 c6 3. Nf3 Nf6 4. Nc3 dxc4 5. a4 Bf5 6. e3 e6 7. Bxc4 Bb4 8. O-O
Nbd7 9. Qe2 O-O 10. e4 Bg4 11. Rd1 Rc8 12. h3 Bh5 13. Bf4 Qa5 14. Na2 Be7 15.
b4 Bxb4 16. Nxb4 Qxb4 17. Rab1 Qxa4 18. Bd6 Bxf3 19. gxf3 b5 20. Bb3 Qa5 21.
Ra1 Qd8 22. Bxf8 Nxf8 23. Rxa7 Nh5 24. f4 Nxf4 25. Qf3 N8g6 26. d5 Qf6 27. Kf1
Nxd5 28. Qxf6 Nxf6 29. f3 h6 30. Kf2 Nh5 31. h4 Nxh4 32. Rdd7 Rf8 33. Rxf7 Rxf7
34. Bxe6 Nf4 35. Ra8+ Kh7 36. Bxf7 g5 37. Be8 b4 38. Ra7+ Kh8 39. Ra6 c5 40.
Bb5 Nfg6 41. Be2 Kg7 42. Rc6 Ne5 43. Rxc5 Nhg6 44. Rb5 h5 45. f4 gxf4 46. Bxh5
Nd3+ 47. Ke2 Nge5 48. Kd2 Kf6 49. Be2 Nf2 50. Rxb4 f3 51. Bxf3 Nxf3+ 52. Ke3
Nxe4 53. Kxe4 Ng5+ 54. Kd5 Nf7 55. Rf4+ Ke7 56. Rf5 Nh6 57. Rh5 Nf7 58. Rh1 Kf6
59. Rf1+ Ke7 60. Rf4 Ng5 61. Ra4 Nf7 62. Ra6 Ng5 63. Rb6 Nf7 64. Rg6 Kd7 65.
Re6 Nd8 66. Ra6 Ke7 67. Ra7+ Kf6 68. Ra6+ Ke7 69. Ra7+ Kf6 70. Ra6+ 1/2-1/2

[Event "XLI Olimpiadi"]
[Site "Tromso NOR"]
[Date "2014.08.05"]
[Round "4.1"]
[White "Solak, Dragan"]
[Black "Caruana, Fabiano"]
[WhiteElo "2632"]
[BlackElo "2801"]
[Result "1/2-1/2"]
[Annotator "ITA-TUR"]
[PlyCount "100"]
[EventDate "2014.08.02"]

1. e4 c5 2. Nf3 e6 3. d4 cxd4 4. Nxd4 Nc6 5. Nc3 a6 6. Nxc6 bxc6 7. Bd3 d5 8.
O-O Nf6 9. Re1 Be7 10. e5 Nd7 11. Qg4 Kf8 12. Qe2 c5 13. b3 Bb7 14. Bb2 g6 15.
Nd1 Qb6 16. c4 d4 17. Bc1 h5 18. Be4 h4 19. f4 Kg7 20. Nb2 a5 21. Bd2 Nb8 22.
Rab1 Bxe4 23. Qxe4 Nc6 24. Rf1 Rab8 25. Rf3 Qc7 26. Rbf1 Bd8 27. Rh3 Ne7 28. g4
hxg3 29. Rxh8 g2 30. Kxg2 Kxh8 31. Kf3 Nf5 32. Ke2 Kg7 33. Rf3 Be7 34. Rh3 Rd8
35. Kd1 Bh4 36. Qf3 Be7 37. Kc1 Bh4 38. Qg2 Rh8 39. Qf3 Rb8 40. Qg2 Be7 41. Qe4
Bd8 42. Kc2 a4 43. Nxa4 Rc8 44. Qg2 Qa7 45. Bc1 Be7 46. Bd2 Qa6 47. Bc1 Rc7 48.
Kb1 Rb7 49. Nb2 Rb8 50. Qe2 Bd8 1/2-1/2

[Event "XLI Olimpiadi"]
[Site "Tromso NOR"]
[Date "2014.08.05"]
[Round "4.2"]
[White "David, Alberto"]
[Black "Esen, Baris"]
[WhiteElo "2565"]
[BlackElo "2589"]
[Result "0-1"]
[Annotator "ITA-TUR"]
[PlyCount "94"]
[EventDate "2014.08.02"]

1. e4 c5 2. Nf3 d6 3. Bb5+ Nd7 4. O-O a6 5. Bd3 Ngf6 6. Re1 b5 7. a4 b4 8. c3
Bb7 9. Bc2 bxc3 10. bxc3 e6 11. d3 Be7 12. Nbd2 O-O 13. d4 Qc7 14. Ba3 Rfe8 15.
Bd3 Bc6 16. Qc2 g6 17. a5 Rec8 18. d5 Bb7 19. c4 e5 20. Bb2 Nh5 21. g3 Rf8 22.
Nf1 Bc8 23. Bc3 Ng7 24. Ne3 Nf6 25. Nd2 Nfh5 26. Rab1 Bd8 27. Ng2 Bh3 28. Qb3
Ra7 29. Qa2 f5 30. exf5 gxf5 31. Qc2 Qf7 32. f3 Qg6 33. Nf1 Raf7 34. Rb8 Qh6
35. Bd2 f4 36. g4 Nf6 37. Ng3 Qg5 38. Ne4 Nxe4 39. Rxe4 h5 40. Be1 Qh6 41. Rxd8
Rxd8 42. Bh4 hxg4 43. Bxd8 gxf3 44. Ne1 Rd7 45. Bb6 Nf5 46. Nxf3 Rg7+ 47. Kh1
Bg4 0-1

[Event "XLI Olimpiadi"]
[Site "Tromso NOR"]
[Date "2014.08.05"]
[Round "4.3"]
[White "Yilmaz, Mustafa"]
[Black "Vocaturo, Daniele"]
[WhiteElo "2569"]
[BlackElo "2587"]
[Result "1-0"]
[Annotator "ITA-TUR"]
[PlyCount "93"]
[EventDate "2014.08.02"]

1. d4 Nf6 2. Nf3 g6 3. c4 Bg7 4. Nc3 O-O 5. e4 d6 6. h3 e5 7. d5 Nh5 8. g3 a5
9. Be2 Na6 10. Nh2 Nf6 11. Ng4 Nd7 12. Nh6+ Kh8 13. h4 Ndc5 14. h5 g5 15. Ng4
f5 16. exf5 Bxf5 17. h6 Bf6 18. Be3 Nb4 19. Bxc5 Nc2+ 20. Kf1 dxc5 21. Rc1 Nd4
22. Bd3 Qd7 23. Bxf5 Qxf5 24. Ne3 Qg6 25. Qh5 Qd3+ 26. Kg2 Nf5 27. Nxf5 Qxf5
28. Qe2 e4 29. Qxe4 Qd7 30. Qd3 Bd4 31. f3 Ra6 32. Ne4 Qf5 33. Rce1 a4 34. Re2
Qg6 35. Nf2 Qf7 36. Ng4 Rb6 37. b3 axb3 38. axb3 Ra6 39. b4 b6 40. bxc5 bxc5
41. Rhe1 Ra4 42. Ne5 Bxe5 43. Rxe5 Qh5 44. Re6 Kg8 45. g4 Qf7 46. Re7 Ra2+ 47.
Kg1 1-0

[Event "XLI Olimpiadi"]
[Site "Tromso NOR"]
[Date "2014.08.05"]
[Round "4.4"]
[White "Dvirnyy, Danyyil"]
[Black "Ipatov, Alexander"]
[WhiteElo "2530"]
[BlackElo "2614"]
[Result "0-1"]
[Annotator "ITA-TUR"]
[PlyCount "56"]
[EventDate "2014.08.02"]

1. e4 g6 2. d4 Bg7 3. Nc3 c6 4. Nf3 d5 5. h3 dxe4 6. Nxe4 Nd7 7. Bc4 Nb6 8. Bb3
Nh6 9. O-O Nf5 10. c3 Nd5 11. Re1 O-O 12. Bd2 b6 13. Qc2 Bb7 14. Rad1 a5 15. a4
Qc7 16. Qc1 c5 17. c4 Nde3 18. Bxe3 Bxe4 19. Bf4 Qb7 20. Ng5 Bxg2 21. d5 h6 22.
Nxf7 Rxf7 23. Kxg2 Raf8 24. Re4 Qd7 25. Be3 Nxe3+ 26. Qxe3 Rxf2+ 27. Qxf2 Rxf2+
28. Kxf2 Qf5+ 0-1

[Event "XLI Olimpiadi"]
[Site "Tromso NOR"]
[Date "2014.08.06"]
[Round "5.1"]
[White "Smerdon, David"]
[Black "David, Alberto"]
[WhiteElo "2513"]
[BlackElo "2565"]
[Result "1/2-1/2"]
[Annotator "ITA-AUS"]
[PlyCount "63"]
[EventDate "2014.08.02"]

1. e4 c5 2. c3 d5 3. exd5 Qxd5 4. d4 Nf6 5. Nf3 e6 6. Na3 a6 7. Nc4 Nbd7 8. a4
cxd4 9. Qxd4 Bc5 10. Qxd5 exd5 11. Ne3 O-O 12. Bd3 Nb8 13. O-O Nc6 14. b4 Bb6
15. a5 Ba7 16. b5 axb5 17. Bxb5 Bc5 18. a6 Nb8 19. a7 Na6 20. Ba3 Bxa3 21. Rxa3
Rxa7 22. Rd1 Be6 23. Nd4 Raa8 24. f3 Nc5 25. Rda1 Rxa3 26. Rxa3 Rc8 27. g4 Kf8
28. Ra7 g6 29. h3 h6 30. f4 Rc7 31. Ra8+ Kg7 32. Rd8 1/2-1/2

[Event "XLI Olimpiadi"]
[Site "Tromso NOR"]
[Date "2014.08.06"]
[Round "5.2"]
[White "Vocaturo, Daniele"]
[Black "Ly, Moulthun"]
[WhiteElo "2587"]
[BlackElo "2462"]
[Result "1-0"]
[Annotator "ITA-AUS"]
[PlyCount "89"]
[EventDate "2014.08.02"]

1. e4 c5 2. Nc3 e6 3. f4 a6 4. Nf3 d5 5. g3 Nc6 6. Bg2 d4 7. Ne2 d3 8. cxd3 Nb4
9. O-O Nxd3 10. Ne1 Nxc1 11. Rxc1 b5 12. e5 Rb8 13. d4 Nh6 14. Bc6+ Bd7 15. Be4
Qb6 16. Nf3 c4 17. b3 Ng4 18. Qd2 f5 19. exf6 Nxf6 20. Ng5 cxb3 21. axb3 Be7
22. Qd3 Nxe4 23. Qxe4 Qb7 24. Qd3 g6 25. Qe3 Qb6 26. Nc3 Bf6 27. Rfd1 O-O 28.
Nce4 Bg7 29. Nc5 Bc8 30. b4 Rf6 31. Re1 h6 32. Ngxe6 Bh8 33. d5 Bxe6 34. dxe6
Re8 35. Kg2 Rf5 36. Qe4 h5 37. h3 a5 38. g4 Rf6 39. f5 gxf5 40. gxf5 Kh7 41.
Nd7 Rg8+ 42. Kh1 Qf2 43. Nxf6+ Bxf6 44. Rg1 Be5 45. Rg2 1-0

[Event "XLI Olimpiadi"]
[Site "Tromso NOR"]
[Date "2014.08.06"]
[Round "5.3"]
[White "Illingworth, Max"]
[Black "Brunello, Sabino"]
[WhiteElo "2439"]
[BlackElo "2560"]
[Result "0-1"]
[Annotator "ITA-AUS"]
[PlyCount "70"]
[EventDate "2014.08.02"]

1. e4 e5 2. Nf3 Nc6 3. Bb5 a6 4. Ba4 Nf6 5. O-O Be7 6. d3 d6 7. c3 b5 8. Bc2
Bb7 9. Nbd2 Nb8 10. Re1 Nbd7 11. d4 O-O 12. a4 Re8 13. Bd3 c6 14. Qc2 Bf8 15.
b4 g6 16. Bb2 Rc8 17. Bf1 exd4 18. cxd4 d5 19. e5 Nh5 20. Bc3 Nb6 21. axb5 cxb5
22. Nb3 Bxb4 23. Nc5 Bxc5 24. dxc5 Rxc5 25. Qd2 Ng7 26. e6 Nxe6 27. Nd4 Qc7 28.
Bb4 Nc4 29. Qh6 Rc6 30. Nxc6 Qxc6 31. Qh4 d4 32. Be7 Nd2 33. Ra3 Nxf1 34. Rf3
Nd2 35. Rg3 Qxg2+ 0-1

[Event "XLI Olimpiadi"]
[Site "Tromso NOR"]
[Date "2014.08.06"]
[Round "5.4"]
[White "Dvirnyy, Danyyil"]
[Black "Smirnov, Anton"]
[WhiteElo "2530"]
[BlackElo "2334"]
[Result "1/2-1/2"]
[Annotator "ITA-AUS"]
[PlyCount "93"]
[EventDate "2014.08.02"]

1. c4 Nf6 2. Nc3 e5 3. Nf3 Nc6 4. g3 Bb4 5. Nd5 e4 6. Nh4 O-O 7. Bg2 Re8 8. O-O
Bc5 9. d3 Nxd5 10. cxd5 exd3 11. Qxd3 Ne5 12. Qc3 d6 13. e4 Qf6 14. Be3 Bxe3
15. Qxe3 c5 16. dxc6 Nxc6 17. Qd2 Be6 18. b3 Rad8 19. f4 Qd4+ 20. Qxd4 Nxd4 21.
Rfd1 Nc2 22. Rac1 Ne3 23. Rd4 Nxg2 24. Kxg2 Bd7 25. Kf3 Bc6 26. Rcd1 g6 27. f5
Re5 28. Kf4 Rde8 29. Re1 d5 30. Nf3 f6 31. g4 dxe4 32. Nd2 e3 33. Nc4 b5 34.
Nd6 g5+ 35. Kg3 R8e7 36. a4 bxa4 37. bxa4 Rd7 38. Rc1 Kf8 39. Rxc6 e2 40. Rc8+
Kg7 41. Rc1 Rxd6 42. Rxd6 e1=Q+ 43. Rxe1 Rxe1 44. Rd7+ Kh6 45. Rxa7 Re3+ 46.
Kf2 Re2+ 47. Kxe2 1/2-1/2

[Event "XLI Olimpiadi"]
[Site "Tromso NOR"]
[Date "2014.08.08"]
[Round "6.1"]
[White "Caruana, Fabiano"]
[Black "Carlsen, Magnus"]
[WhiteElo "2801"]
[BlackElo "2877"]
[Result "0-1"]
[Annotator "ITA-NOR"]
[PlyCount "100"]
[EventDate "2014.08.02"]

1. e4 d5 2. exd5 Qxd5 3. Nc3 Qd8 4. d4 Nf6 5. Nf3 Bg4 6. h3 Bxf3 7. Qxf3 c6 8.
Ne2 e6 9. g4 Qd5 10. Bg2 Nbd7 11. Qg3 Qc4 12. Qb3 Qxb3 13. axb3 Bd6 14. c4 a6
15. Be3 O-O-O 16. O-O-O Rhe8 17. Ng3 Nf8 18. Bf3 Ng6 19. h4 Bf4 20. h5 Bxe3+
21. fxe3 Ne7 22. e4 h6 23. e5 Nh7 24. Ne4 Rf8 25. Nd6+ Kc7 26. Bg2 Ng5 27. Rhf1
f6 28. Kc2 fxe5 29. dxe5 Nc8 30. c5 Ne7 31. b4 Nd5 32. Bxd5 cxd5 33. b5 axb5
34. Nxb5+ Kc6 35. Nd6 Nf3 36. b4 Ra8 37. Ra1 Rxa1 38. Rxa1 Nxe5 39. Ra7 Rb8 40.
Ra3 b6 41. Ra7 bxc5 42. Ra6+ Kc7 43. bxc5 Nd7 44. Ra7+ Kc6 45. g5 Nxc5 46. Nf7
d4 47. Ne5+ Kd5 48. Nd7 d3+ 49. Kc1 Nxd7 50. Rxd7+ Ke4 0-1

[Event "XLI Olimpiadi"]
[Site "Tromso NOR"]
[Date "2014.08.08"]
[Round "6.2"]
[White "Hammer, Jon Ludvig"]
[Black "David, Alberto"]
[WhiteElo "2628"]
[BlackElo "2565"]
[Result "1-0"]
[Annotator "ITA-NOR"]
[PlyCount "83"]
[EventDate "2014.08.02"]

1. d4 Nf6 2. c4 e6 3. Nf3 b6 4. g3 Ba6 5. b3 Bb7 6. Bg2 Bb4+ 7. Bd2 Be7 8. Nc3
d5 9. cxd5 exd5 10. O-O O-O 11. Bf4 c6 12. Ne5 Nbd7 13. Qc2 Nxe5 14. dxe5 Nd7
15. Rad1 Nc5 16. Bc1 a5 17. f4 Re8 18. Bb2 b5 19. e3 Qb6 20. Ne2 b4 21. Bd4 Qb5
22. f5 Ne4 23. Nf4 Bg5 24. Nh3 Bd8 25. f6 g6 26. Bxe4 dxe4 27. Qf2 Rxe5 28.
Bxe5 Qxe5 29. Qf4 Qxf4 30. Rxf4 c5 31. Ng5 Bc6 32. Rd6 Rc8 33. Rh4 h5 34. g4 c4
35. gxh5 gxh5 36. bxc4 a4 37. Rxh5 b3 38. axb3 axb3 39. Rh7 Bxf6 40. Rxf6 b2
41. Rf1 f6 42. Rb1 1-0

[Event "XLI Olimpiadi"]
[Site "Tromso NOR"]
[Date "2014.08.08"]
[Round "6.3"]
[White "Vocaturo, Daniele"]
[Black "Johannessen, Leif Erlend"]
[WhiteElo "2587"]
[BlackElo "2528"]
[Result "1-0"]
[Annotator "ITA-NOR"]
[PlyCount "81"]
[EventDate "2014.08.02"]

1. e4 e6 2. d4 d5 3. Nc3 Nf6 4. e5 Nfd7 5. Nce2 c5 6. c3 Nc6 7. f4 Qb6 8. Nf3
cxd4 9. cxd4 Bb4+ 10. Bd2 Be7 11. Bc3 O-O 12. f5 Bb4 13. Nf4 Qa5 14. Qb3 Nb6
15. f6 gxf6 16. exf6 e5 17. dxe5 Bxc3+ 18. Qxc3 Qxc3+ 19. bxc3 Re8 20. O-O-O
Bg4 21. Nxd5 Rad8 22. Nxb6 Rxd1+ 23. Kxd1 axb6 24. Bb5 Rxe5 25. Re1 Re6 26.
Rxe6 fxe6 27. Bd3 Kf7 28. Bxh7 Kxf6 29. Kd2 e5 30. Bg8 Ne7 31. Bb3 Nc8 32. Ke3
Nd6 33. Nd2 Bf5 34. Nc4 Ne4 35. g4 Bg6 36. Nxb6 Nxc3 37. Nd7+ Kg5 38. Nxe5 Be8
39. Kf3 Kh4 40. Kf4 Ne2+ 41. Kf5 1-0

[Event "XLI Olimpiadi"]
[Site "Tromso NOR"]
[Date "2014.08.08"]
[Round "6.4"]
[White "Lie, Kjetil A."]
[Black "Brunello, Sabino"]
[WhiteElo "2528"]
[BlackElo "2560"]
[Result "1-0"]
[Annotator "ITA-NOR"]
[PlyCount "35"]
[EventDate "2014.08.02"]

1. e4 c5 2. Nf3 e6 3. d4 cxd4 4. Nxd4 Nc6 5. Nc3 Qc7 6. Be3 a6 7. Qf3 Nf6 8.
Nxc6 dxc6 9. Qg3 e5 10. Be2 Be6 11. f4 Qa5 12. O-O-O exf4 13. Bxf4 Rc8 14. Rhe1
b5 15. e5 b4 16. exf6 bxc3 17. Bc4 gxf6 18. Qg4 1-0

[Event "XLI Olimpiadi"]
[Site "Tromso NOR"]
[Date "2014.08.09"]
[Round "7.1"]
[White "Caruana, Fabiano"]
[Black "Berend, Elvira S."]
[WhiteElo "2801"]
[BlackElo "2330"]
[Result "1-0"]
[Annotator "ITA-LUX"]
[PlyCount "107"]
[EventDate "2014.08.02"]

1. e4 e5 2. Nf3 Nc6 3. Bb5 Nf6 4. d3 d6 5. O-O g6 6. d4 exd4 7. e5 dxe5 8. Nxe5
Bd7 9. Bxc6 Bxc6 10. Nxc6 bxc6 11. Re1+ Be7 12. Bh6 Qd6 13. Nd2 O-O-O 14. Nc4
Qc5 15. Ne5 Qd5 16. c4 dxc3 17. Qa4 Qb5 18. Qxa7 Qb7 19. Qxb7+ Kxb7 20. Nxf7
cxb2 21. Rab1 Nd5 22. Rxb2+ Kc8 23. Bd2 Rhf8 24. Nxd8 Bxd8 25. Rc2 Kd7 26. Re4
Be7 27. g3 Bd6 28. Kg2 Rb8 29. a4 c5 30. Rh4 h5 31. Re4 Nb4 32. Rc1 Ra8 33. Be3
Ra5 34. g4 hxg4 35. Rxg4 Nd3 36. Ra1 Ne5 37. Rg5 Ke6 38. Bd2 Ra8 39. a5 Be7 40.
Rg3 Bh4 41. Rh3 Bf6 42. Bc3 Nd7 43. Bxf6 Nxf6 44. Rg3 Kf7 45. Rg5 Ra6 46. Rxc5
c6 47. Kf3 Nd7 48. Rg5 Kf6 49. h4 Ne5+ 50. Ke4 Nf7 51. Rgg1 Nd6+ 52. Kd4 Nb7
53. Rgb1 Nxa5 54. Kc3 1-0

[Event "XLI Olimpiadi"]
[Site "Tromso NOR"]
[Date "2014.08.09"]
[Round "7.2"]
[White "Berend, Fred"]
[Black "Vocaturo, Daniele"]
[WhiteElo "2380"]
[BlackElo "2587"]
[Result "1-0"]
[Annotator "ITA-LUX"]
[PlyCount "119"]
[EventDate "2014.08.02"]

1. d4 Nf6 2. c4 g6 3. Nc3 Bg7 4. e4 d6 5. Nf3 O-O 6. Be2 e5 7. O-O Nc6 8. d5
Ne7 9. a4 a5 10. Ne1 Nd7 11. Nd3 f5 12. f3 f4 13. b3 Rf7 14. Ba3 Bf8 15. b4
axb4 16. Bxb4 g5 17. c5 dxc5 18. Nxc5 Nxc5 19. Bxc5 Nf5 20. Bxf8 Ne3 21. Qb3
Kxf8 22. Rfc1 g4 23. Nd1 Nxd1 24. Qxd1 g3 25. h3 Qd6 26. a5 Bd7 27. Qc2 Be8 28.
Qc3 Ra7 29. Rab1 Rd7 30. Kf1 Re7 31. Ke1 Bg6 32. Rb5 Be8 33. Rb2 b6 34. axb6
cxb6 35. Qb4 Qxb4+ 36. Rxb4 Reb7 37. Rb2 b5 38. Rcb1 Rb6 39. Kd2 Rab7 40. Kc3
Ke7 41. Kb4 Kd6 42. Ra1 Bd7 43. Bd3 h5 44. h4 Rb8 45. Rc2 Rc8 46. Rxc8 Bxc8 47.
Ra8 Bd7 48. Rh8 Rb7 49. Rh6+ Kc7 50. Rxh5 Ra7 51. Rxe5 Ra2 52. Rg5 Rd2 53. Kc3
Rxg2 54. Rg7 Kd8 55. e5 Bh3 56. e6 b4+ 57. Kb3 Kc8 58. e7 Bd7 59. Bf5 Re2 60.
e8=Q+ 1-0